000
00301nam a2200109Ia 4500
008
220216s9999 xx 000 0 und d
100
_a
Bhatnagar S K
245
0
_a
Thiazole and sulfenamide accelerated sulfur vulcanization
260
_b
The Rubber International
_c
2009
300
_a
17-21
942
_c
JS
999
_c
71307
_d
71307